<?xml version="1.0" encoding="UTF-8"?>
<record
    xmlns:xsi="http://www.w3.org/2001/XMLSchema-instance"
    xsi:schemaLocation="http://www.loc.gov/MARC21/slim http://www.loc.gov/standards/marcxml/schema/MARC21slim.xsd"
    xmlns="http://www.loc.gov/MARC21/slim">

  <leader>01846nam a2200253Ia 4500</leader>
  <controlfield tag="003">Ost</controlfield>
  <controlfield tag="005">20260507075446.0</controlfield>
  <controlfield tag="008">260507s9999||||xx |||||||||||||| ||und||</controlfield>
  <datafield tag="020" ind1=" " ind2=" ">
    <subfield code="a">9957120433</subfield>
  </datafield>
  <datafield tag="040" ind1=" " ind2=" ">
    <subfield code="c">fsecg</subfield>
  </datafield>
  <datafield tag="041" ind1=" " ind2=" ">
    <subfield code="a">ara</subfield>
  </datafield>
  <datafield tag="082" ind1=" " ind2=" ">
    <subfield code="a">615.10688</subfield>
  </datafield>
  <datafield tag="100" ind1=" " ind2=" ">
    <subfield code="a">&#x627;&#x644;&#x639;&#x644;&#x627;&#x642;&#x60C; &#x628;&#x634;&#x64A;&#x631;</subfield>
    <subfield code="e">&#x645;&#x624;&#x644;&#x641;</subfield>
  </datafield>
  <datafield tag="245" ind1=" " ind2="0">
    <subfield code="a">&#x627;&#x644;&#x62A;&#x633;&#x648;&#x64A;&#x642; &#x627;&#x644;&#x635;&#x64A;&#x62F;&#x644;&#x64A; /</subfield>
    <subfield code="c"> &#x628;&#x634;&#x64A;&#x631; &#x627;&#x644;&#x639;&#x644;&#x627;&#x642;</subfield>
  </datafield>
  <datafield tag="260" ind1=" " ind2=" ">
    <subfield code="a">&#x639;&#x645;&#x627;&#x646;: </subfield>
    <subfield code="b">&#x62F;&#x627;&#x631; &#x627;&#x644;&#x64A;&#x627;&#x632;&#x648;&#x631;&#x64A;, </subfield>
    <subfield code="c">2007</subfield>
  </datafield>
  <datafield tag="300" ind1=" " ind2=" ">
    <subfield code="a">247  &#x635;&#x641;&#x62D;&#x629;&#x61B; </subfield>
    <subfield code="c">24 &#x633;&#x645;</subfield>
  </datafield>
  <datafield tag="504" ind1=" " ind2=" ">
    <subfield code="a">&#x628;&#x64A;&#x628;&#x644;&#x64A;&#x648;&#x63A;&#x631;&#x627;&#x641;&#x64A;&#x627; &#x635;.247</subfield>
  </datafield>
  <datafield tag="520" ind1=" " ind2=" ">
    <subfield code="a">&#x627;&#x644;&#x62A;&#x637;&#x648;&#x631; &#x627;&#x644;&#x639;&#x644;&#x645;&#x64A; &#x634;&#x645;&#x644; &#x643;&#x644; &#x627;&#x644;&#x645;&#x62C;&#x627;&#x644;&#x627;&#x62A; &#x648;&#x627;&#x644;&#x62A;&#x64A; &#x645;&#x646;&#x647;&#x627; &#x627;&#x644;&#x641;&#x643;&#x631; &#x627;&#x644;&#x625;&#x62F;&#x627;&#x631;&#x64A; &#x648;&#x641;&#x644;&#x633;&#x641;&#x62A;&#x647;&#x60C; &#x641;&#x644;&#x627; &#x634;&#x643; &#x623;&#x646; &#x627;&#x644;&#x62A;&#x633;&#x648;&#x642; &#x643;&#x639;&#x644;&#x645; &#x62A;&#x637;&#x648;&#x631; &#x628;&#x634;&#x643;&#x644; &#x643;&#x628;&#x64A;&#x631; &#x645;&#x646; &#x627;&#x644;&#x646;&#x627;&#x62D;&#x64A;&#x62A;&#x64A;&#x646; &#x627;&#x644;&#x639;&#x644;&#x645;&#x64A;&#x629; &#x648;&#x627;&#x644;&#x639;&#x645;&#x644;&#x64A;&#x629; &#x648;&#x643;&#x627;&#x646;&#x62A; &#x644;&#x647; &#x645;&#x633;&#x627;&#x647;&#x645;&#x627;&#x62A;&#x647; &#x627;&#x644;&#x648;&#x627;&#x636;&#x62D;&#x629; &#x641;&#x64A; &#x62F;&#x641;&#x639; &#x639;&#x62C;&#x644;&#x629; &#x627;&#x644;&#x62A;&#x642;&#x62F;&#x645; &#x627;&#x644;&#x627;&#x642;&#x62A;&#x635;&#x627;&#x62F;&#x64A; &#x625;&#x644;&#x649; &#x627;&#x644;&#x623;&#x645;&#x627;&#x645; &#x648;&#x623;&#x635;&#x628;&#x62D; &#x644;&#x647; &#x641;&#x643;&#x631;&#x647; &#x627;&#x644;&#x645;&#x645;&#x64A;&#x632; &#x645;&#x646; &#x62E;&#x644;&#x627;&#x644; &#x627;&#x644;&#x62A;&#x637;&#x648;&#x631; &#x627;&#x644;&#x630;&#x64A; &#x62D;&#x630;&#x641; &#x641;&#x64A; &#x627;&#x644;&#x643;&#x62B;&#x64A;&#x631; &#x645;&#x646; &#x645;&#x641;&#x627;&#x647;&#x64A;&#x645;&#x647;&#x60C; &#x628;&#x644; &#x648;&#x623;&#x635;&#x628;&#x62D; &#x623;&#x643;&#x62B;&#x631; &#x634;&#x645;&#x648;&#x644;&#x64A;&#x629; &#x645;&#x646; &#x62D;&#x64A;&#x62B; &#x627;&#x644;&#x62A;&#x637;&#x628;&#x64A;&#x642; &#x641;&#x634;&#x645;&#x644; &#x643;&#x627;&#x641;&#x629; &#x627;&#x644;&#x645;&#x646;&#x638;&#x645;&#x627;&#x62A; &#x645;&#x647;&#x645;&#x627; &#x643;&#x627;&#x646;&#x62A; &#x637;&#x628;&#x64A;&#x639;&#x629; &#x639;&#x645;&#x644;&#x647;&#x627;.&#x648;&#x646;&#x639;&#x631;&#x636; &#x641;&#x64A; &#x647;&#x630;&#x627; &#x627;&#x644;&#x643;&#x62A;&#x627;&#x628; &#x645;&#x627;&#x64A;&#x644;&#x64A; :  &#x627;&#x644;&#x635;&#x646;&#x627;&#x639;&#x627;&#x62A; &#x627;&#x644;&#x635;&#x64A;&#x62F;&#x644;&#x627;&#x646;&#x64A;&#x629; &#x627;&#x644;&#x645;&#x624;&#x633;&#x633;&#x627;&#x62A; &#x648;&#x627;&#x644;&#x62E;&#x648;&#x627;&#x635; &#x60C;&#x627;&#x644;&#x645;&#x648;&#x642;&#x639; &#x627;&#x644;&#x627;&#x62C;&#x62A;&#x645;&#x627;&#x639;&#x64A; &#x644;&#x644;&#x62A;&#x633;&#x648;&#x64A;&#x642; &#x627;&#x644;&#x635;&#x64A;&#x62F;&#x644;&#x627;&#x646;&#x64A; &#x627;&#x644;&#x628;&#x64A;&#x626;&#x629; &#x627;&#x644;&#x62A;&#x633;&#x648;&#x64A;&#x642;&#x64A;&#x629; &#x627;&#x644;&#x62F;&#x648;&#x627;&#x626;&#x64A;&#x629; &#x648;&#x627;&#x644;&#x635;&#x64A;&#x62F;&#x644;&#x627;&#x646;&#x64A;&#x629;&#x60C;&#x62F;&#x631;&#x627;&#x633;&#x629; &#x627;&#x644;&#x633;&#x648;&#x642; &#x627;&#x644;&#x635;&#x64A;&#x62F;&#x644;&#x627;&#x646;&#x64A;&#x60C;&#x62F;&#x631;&#x627;&#x633;&#x629; &#x627;&#x644;&#x645;&#x646;&#x62A;&#x62C;&#x627;&#x62A; &#x627;&#x644;&#x62F;&#x648;&#x627;&#x626;&#x64A;&#x629; &#x648;&#x627;&#x644;&#x635;&#x64A;&#x62F;&#x644;&#x627;&#x646;&#x64A;&#x629; &#x60C;&#x627;&#x633;&#x62A;&#x631;&#x627;&#x62A;&#x64A;&#x62C;&#x64A;&#x629; &#x627;&#x644;&#x62A;&#x633;&#x639;&#x64A;&#x631;&#x60C;&#x60C;&#x627;&#x644;&#x62A;&#x648;&#x632;&#x64A;&#x639;&#x60C;&#x627;&#x644;&#x62A;&#x631;&#x648;&#x64A;&#x62C; &#x627;&#x644;&#x62F;&#x648;&#x627;&#x626;&#x64A;&#x60C;&#x627;&#x644;&#x627;&#x646;&#x634;&#x637;&#x629; &#x627;&#x644;&#x62A;&#x633;&#x648;&#x64A;&#x642;&#x64A;&#x629; &#x644;&#x644;&#x635;&#x64A;&#x62F;&#x644;&#x64A;&#x627;&#x62A;</subfield>
  </datafield>
  <datafield tag="653" ind1=" " ind2=" ">
    <subfield code="a">&#x62A;&#x633;&#x648;&#x64A;&#x642; &#x635;&#x64A;&#x62F;&#x644;&#x627;&#x646;&#x64A;</subfield>
  </datafield>
  <datafield tag="653" ind1=" " ind2=" ">
    <subfield code="a">&#x635;&#x646;&#x627;&#x639;&#x629; &#x635;&#x64A;&#x62F;&#x644;&#x627;&#x646;&#x64A;&#x629;</subfield>
  </datafield>
  <datafield tag="653" ind1=" " ind2=" ">
    <subfield code="a">&#x645;&#x646;&#x62A;&#x62C;</subfield>
  </datafield>
  <datafield tag="653" ind1=" " ind2=" ">
    <subfield code="a">&#x645;&#x648;&#x642;&#x639; &#x627;&#x62C;&#x62A;&#x645;&#x627;&#x639;&#x64A;</subfield>
  </datafield>
  <datafield tag="942" ind1=" " ind2=" ">
    <subfield code="c">&#x643;&#x62A;&#x627;&#x628;</subfield>
  </datafield>
  <datafield tag="952" ind1=" " ind2=" ">
    <subfield code="0">0</subfield>
    <subfield code="1">0</subfield>
    <subfield code="2">ddc</subfield>
    <subfield code="4">0</subfield>
    <subfield code="7">-1</subfield>
    <subfield code="a">fsecg</subfield>
    <subfield code="b">fsecg</subfield>
    <subfield code="d">2026-05-07</subfield>
    <subfield code="h">&#x627;&#x644;&#x637;&#x627;&#x628;&#x642; &#x627;&#x644;&#x623;&#x631;&#x636;&#x64A;</subfield>
    <subfield code="i">3779</subfield>
    <subfield code="l">0</subfield>
    <subfield code="o">&#x623;/2812&#x646;1</subfield>
    <subfield code="p">3779</subfield>
    <subfield code="r">2026-05-07 07:54:46</subfield>
    <subfield code="w">2026-05-07</subfield>
    <subfield code="y">&#x643;&#x62A;&#x627;&#x628;</subfield>
  </datafield>
  <datafield tag="952" ind1=" " ind2=" ">
    <subfield code="0">0</subfield>
    <subfield code="1">0</subfield>
    <subfield code="2">ddc</subfield>
    <subfield code="4">0</subfield>
    <subfield code="7">0</subfield>
    <subfield code="a">fsecg</subfield>
    <subfield code="b">fsecg</subfield>
    <subfield code="d">2026-05-07</subfield>
    <subfield code="h">&#x627;&#x644;&#x637;&#x627;&#x628;&#x642; &#x627;&#x644;&#x623;&#x631;&#x636;&#x64A;</subfield>
    <subfield code="i">3780</subfield>
    <subfield code="l">0</subfield>
    <subfield code="o">&#x623;/2812&#x646;2</subfield>
    <subfield code="p">3780</subfield>
    <subfield code="r">2026-05-07 07:54:46</subfield>
    <subfield code="w">2026-05-07</subfield>
    <subfield code="y">&#x643;&#x62A;&#x627;&#x628;</subfield>
  </datafield>
  <datafield tag="952" ind1=" " ind2=" ">
    <subfield code="0">0</subfield>
    <subfield code="1">0</subfield>
    <subfield code="2">ddc</subfield>
    <subfield code="4">0</subfield>
    <subfield code="7">0</subfield>
    <subfield code="a">fsecg</subfield>
    <subfield code="b">fsecg</subfield>
    <subfield code="d">2026-05-07</subfield>
    <subfield code="h">&#x627;&#x644;&#x637;&#x627;&#x628;&#x642; &#x627;&#x644;&#x623;&#x631;&#x636;&#x64A;</subfield>
    <subfield code="i">3781</subfield>
    <subfield code="l">0</subfield>
    <subfield code="o">&#x623;/2812&#x646;3</subfield>
    <subfield code="p">3781</subfield>
    <subfield code="r">2026-05-07 07:54:46</subfield>
    <subfield code="w">2026-05-07</subfield>
    <subfield code="y">&#x643;&#x62A;&#x627;&#x628;</subfield>
  </datafield>
  <datafield tag="952" ind1=" " ind2=" ">
    <subfield code="0">0</subfield>
    <subfield code="1">0</subfield>
    <subfield code="2">ddc</subfield>
    <subfield code="4">0</subfield>
    <subfield code="7">0</subfield>
    <subfield code="a">fsecg</subfield>
    <subfield code="b">fsecg</subfield>
    <subfield code="d">2026-05-07</subfield>
    <subfield code="h">&#x627;&#x644;&#x637;&#x627;&#x628;&#x642; &#x627;&#x644;&#x62B;&#x627;&#x646;&#x64A;</subfield>
    <subfield code="i">3782</subfield>
    <subfield code="l">0</subfield>
    <subfield code="o">&#x623;/2812&#x646;4</subfield>
    <subfield code="p">3782</subfield>
    <subfield code="r">2026-05-07 07:54:46</subfield>
    <subfield code="w">2026-05-07</subfield>
    <subfield code="y">&#x643;&#x62A;&#x627;&#x628;</subfield>
  </datafield>
  <datafield tag="952" ind1=" " ind2=" ">
    <subfield code="0">0</subfield>
    <subfield code="1">0</subfield>
    <subfield code="2">ddc</subfield>
    <subfield code="4">0</subfield>
    <subfield code="7">0</subfield>
    <subfield code="a">fsecg</subfield>
    <subfield code="b">fsecg</subfield>
    <subfield code="d">2026-05-07</subfield>
    <subfield code="h">&#x627;&#x644;&#x637;&#x627;&#x628;&#x642; &#x627;&#x644;&#x62B;&#x627;&#x646;&#x64A;</subfield>
    <subfield code="i">3783</subfield>
    <subfield code="l">0</subfield>
    <subfield code="o">&#x623;/2812&#x646;5</subfield>
    <subfield code="p">3783</subfield>
    <subfield code="r">2026-05-07 07:54:46</subfield>
    <subfield code="w">2026-05-07</subfield>
    <subfield code="y">&#x643;&#x62A;&#x627;&#x628;</subfield>
  </datafield>
  <datafield tag="952" ind1=" " ind2=" ">
    <subfield code="0">0</subfield>
    <subfield code="1">0</subfield>
    <subfield code="2">ddc</subfield>
    <subfield code="4">0</subfield>
    <subfield code="7">0</subfield>
    <subfield code="a">fsecg</subfield>
    <subfield code="b">fsecg</subfield>
    <subfield code="d">2026-05-07</subfield>
    <subfield code="h">&#x645;&#x643;&#x62A;&#x628;&#x629; &#x628;&#x646; &#x639;&#x643;&#x646;&#x648;&#x646;</subfield>
    <subfield code="i">3784</subfield>
    <subfield code="l">0</subfield>
    <subfield code="o">&#x623;/2812&#x646;6</subfield>
    <subfield code="p">3784</subfield>
    <subfield code="r">2026-05-07 07:54:46</subfield>
    <subfield code="w">2026-05-07</subfield>
    <subfield code="y">&#x643;&#x62A;&#x627;&#x628;</subfield>
  </datafield>
  <datafield tag="952" ind1=" " ind2=" ">
    <subfield code="0">0</subfield>
    <subfield code="1">0</subfield>
    <subfield code="2">ddc</subfield>
    <subfield code="4">0</subfield>
    <subfield code="7">0</subfield>
    <subfield code="a">fsecg</subfield>
    <subfield code="b">fsecg</subfield>
    <subfield code="d">2026-05-07</subfield>
    <subfield code="h">&#x645;&#x643;&#x62A;&#x628;&#x629; &#x628;&#x646; &#x639;&#x643;&#x646;&#x648;&#x646;</subfield>
    <subfield code="i">3785</subfield>
    <subfield code="l">0</subfield>
    <subfield code="o">&#x623;/2812&#x646;7</subfield>
    <subfield code="p">3785</subfield>
    <subfield code="r">2026-05-07 07:54:46</subfield>
    <subfield code="w">2026-05-07</subfield>
    <subfield code="y">&#x643;&#x62A;&#x627;&#x628;</subfield>
  </datafield>
  <datafield tag="952" ind1=" " ind2=" ">
    <subfield code="0">0</subfield>
    <subfield code="1">0</subfield>
    <subfield code="2">ddc</subfield>
    <subfield code="4">0</subfield>
    <subfield code="7">0</subfield>
    <subfield code="a">fsecg</subfield>
    <subfield code="b">fsecg</subfield>
    <subfield code="d">2026-05-07</subfield>
    <subfield code="h">&#x645;&#x643;&#x62A;&#x628;&#x629; &#x628;&#x646; &#x639;&#x643;&#x646;&#x648;&#x646;</subfield>
    <subfield code="i">3786</subfield>
    <subfield code="l">0</subfield>
    <subfield code="o">&#x623;/2812&#x646;8</subfield>
    <subfield code="p">3786</subfield>
    <subfield code="r">2026-05-07 07:54:46</subfield>
    <subfield code="w">2026-05-07</subfield>
    <subfield code="y">&#x643;&#x62A;&#x627;&#x628;</subfield>
  </datafield>
  <datafield tag="999" ind1=" " ind2=" ">
    <subfield code="c">44584</subfield>
    <subfield code="d">44584</subfield>
  </datafield>
</record>
